The Book of soft martial arts : fiding perosnal haemony with Chi Kuang,Hsing I,Pa Kua and T'ai Chi

Bibliographic Details
Main Author: Reid, Howard
Format: Book
Published: United Kingdom : Gaia Book Limited , 1994
Subjects:

MARC

LEADER 00000cam a2200000 7i4500
001 0000006470
002 000006982
005 20081118.0
020 |a 1856750965 
090 0 0 |a 796.8155   |b REI 
100 1 |a Reid, Howard 
245 1 4 |a The Book of soft martial arts :   |b fiding perosnal haemony with Chi Kuang,Hsing I,Pa Kua and T'ai Chi   |c Howard Reid 
260 |a United Kingdom :   |b Gaia Book Limited ,   |c 1994 
300 |a 191p. ;   |c 23cm. 
650 0 0 |a Tai Chi Chuan   |x Handbooks, manuals, etc. 
999 |a 038037   |b BUKU   |c PINJAMAN   |e PERPUSTAKAAN KOMUNITI PETALING JAYA